MARC details
| 000 -LEADER |
| campo de control de longitud fija |
02787nam a2200397 i 4500 |
| 001 - NÚMERO DE CONTROL |
| campo de control |
193308 |
| 003 - IDENTIFICADOR DE NÚMERO DE CONTROL |
| campo de control |
SpMaBN |
| 005 - FECHA Y HORA DE LA ÚLTIMA TRANSACCIÓN |
| campo de control |
20250712063137.0 |
| 007 - CAMPO FIJO DE DESCRIPCIÓN FÍSICA--INFORMACIÓN GENERAL |
| campo de control de longitud fija |
ta |
| 008 - DATOS DE LONGITUD FIJA--INFORMACIÓN GENERAL |
| campo de control de longitud fija |
231102s2023 sp | |||| 000 f spa |
| 017 ## - NÚMERO DE COPYRIGHT O DE DEPÓSITO LEGAL |
| Número de copyright o de depósito legal |
B 6432-2016 |
| Agencia que asigna |
Oficina Depósito Legal Barcelona |
| 020 ## - NÚMERO INTERNACIONAL ESTÁNDAR DEL LIBRO |
| Número Internacional Estándar del Libro |
9788432229077 |
| 035 ## - NÚMERO DE CONTROL DEL SISTEMA |
| Número de control de sistema |
(OCoLC)937795048 |
| 035 ## - NÚMERO DE CONTROL DEL SISTEMA |
| Número de control de sistema |
a5741867 |
| 040 ## - FUENTE DE CATALOGACIÓN |
| Centro catalogador/agencia de origen |
SpMaBN |
| Lengua de catalogación |
spa |
| Centro/agencia transcriptor |
SpMaBN |
| Normas de descripción |
rdc |
| Centro/agencia modificador |
ES-MaACL |
| 080 ## - NÚMERO DE LA CLASIFICACIÓN DECIMAL UNIVERSAL |
| Número de la Clasificación Decimal Universal |
821.134.2-31"19" |
| 100 1# - ENTRADA PRINCIPAL--NOMBRE DE PERSONA |
| Nombre de persona |
Montero, Rosa, |
| Fechas asociadas al nombre |
1951- |
| Número de control del registro de autoridad o número normalizado |
XX968899 |
| Término indicativo de función/relación |
Autor |
| 9 (RLIN) |
82503 |
| 245 13 - MENCIÓN DEL TÍTULO |
| Título |
El peso del corazón / |
| Mención de responsabilidad, etc. |
Rosa Montero |
| 250 ## - MENCION DE EDICION |
| Mención de edición |
Tercera impresión: enero de 2023 |
| 260 ## - PUBLICACIÓN, DISTRIBUCIÓN, ETC. |
| Lugar de publicación, distribución, etc. |
Barcelona : |
| Nombre del editor, distribuidor, etc. |
Seix Barra, |
| Fecha de publicación, distribución, etc. |
2023 |
| 300 ## - DESCRIPCIÓN FÍSICA |
| Extensión |
397 páginas ; |
| Dimensiones |
19 cm |
| 336 ## - TIPO DE CONTENIDO |
| Término de tipo de contenido |
Texto (visual) |
| Fuente |
isbdcontent |
| 337 ## - TIPO DE MEDIO |
| Nombre/término del tipo de medio |
sin mediación |
| Fuente |
isbdmedia |
| 338 ## - TIPO DE SOPORTE |
| Fuente |
rdacarrier |
| Nombre/término del tipo de soporte |
volumen |
| 490 0# - MENCIÓN DE SERIE |
| Mención de serie |
Bruna Husky ; |
| Designación de volumen o secuencia |
2 |
| 520 ## - RESUMEN, ETC. |
| Sumario, etc. |
Contratada para resolver un caso a primera vista sencillo, la detective Bruna Husky se enfrenta a una trama de corrupción internacional que amenaza con desestabilizar el frágil equilibrio entre una Tierra convulsa y la dictadura religiosa de Reino de Labari. En un futuro en el que la guerra está supuestamente erradicada, Bruna lucha contrarreloj por la libertad y en defensa de la vida, mientras asimila los sentimientos contradictorios que le produce hacerse cargo de una niña pequeña.<br/><br/>Bruna Husky es una superviviente capaz de todo que se debate entre la autosuficiencia y la desesperada necesidad de cariño. Es una fiera atrapada en la cárcel de su corta vida, un tigre que va y viene ante los barrotes de su jaula «para que no se le escape el único y brevísimo instante de la salvación», como el felino de la bella frase de Elias Canetti.<br/><br/>'El peso del corazón' es un thriller, una novela de aventuras política y ecológica, de fantasía y ciencia ficción, un relato mítico, un cuento para adultos, una reflexión sobre la creación literaria, una metáfora sobre el peso de la vida y la oscuridad de la muerte… ¡Y una historia de amor!<br/><br/>Rosa Montero regresa al mundo fascinante que creó en 'Lágrimas en la lluvia' y nos sorprende de nuevo con esa potencia narrativa que ha convertido a Bruna Husky en una protagonista legendaria. |
| 586 ## - NOTA DE PREMIOS |
| Nota de premios |
En cub.: Premio Nacional de las Letras |
| 655 #7 - TERMINO DE INDIZACIÓN--GENERO/FORMA |
| 9 (RLIN) |
234410 |
| Datos o término principal de género/forma |
Novelas de suspense |
| 852 ## - LOCALIZACIÓN |
| Ubicación |
ES-MaACL |
| itemnumber |
200748 |
| Sublocalización o colección |
R.154720 |
| Número de control de estantería |
N-9494 |
| Ubicación en estantería |
Depósito J |
| Donativo/Legado |
Donación: Rosa Montero |
| Anotaciones manuscritas |
Dedicatoria autógrafa de la autora |
| Encuadernación |
Encuadernación rústica |
| 903 ## - NOMBRE PERSONAL DE DONANTE |
| a |
Montero, Rosa, |
| d |
1951- |
| e |
Donante |
| 9 |
82503 |
| 942 ## - ELEMENTOS DE ENTRADA SECUNDARIOS (KOHA) |
| Suprimir en OPAC |
No |
| Tipo de ítem Koha |
Libro impreso |